| Tag |
First Indicator |
Second Indicator |
Subfields |
| LEADER |
00000cam a2200000 a 4500 |
| 001 |
in00000085005 |
| 005 |
20151008054440.0 |
| 008 |
811119s1981 enka b 00110 eng d |
| 020 |
|
|
|a 0631103619
|
| 035 |
|
|
|a (OCoLC)07938747
|
| 035 |
|
|
|9 AAJ0697AM
|
| 040 |
|
|
|a DLM
|c DLM
|d TXA
|d UtOrBLW
|
| 049 |
|
|
|a TXAM
|c [1561049]
|
| 082 |
0 |
|
|a 338.1
|
| 090 |
|
|
|a HD1436
|b .G66 1981a
|
| 100 |
1 |
|
|a Goodman, David.
|
| 245 |
1 |
0 |
|a From peasant to proletarian :
|b capitalist development and agrarian transitions /
|c David Goodman and Michael Redclift.
|
| 264 |
|
1 |
|a Oxford, England :
|b B. Blackwell,
|c 1981.
|
| 300 |
|
|
|a xii, 244 pages :
|b illustrations ;
|c 24 cm.
|
| 336 |
|
|
|a text
|b txt
|2 rdacontent
|
| 337 |
|
|
|a unmediated
|b n
|2 rdamedia
|
| 338 |
|
|
|a volume
|b nc
|2 rdacarrier
|
| 500 |
|
|
|a Includes indexes.
|
| 504 |
|
|
|a Bibliography: pages [218]-238.
|
| 650 |
|
0 |
|a Agriculture
|x Economic aspects.
|
| 650 |
|
0 |
|a Capital.
|
| 650 |
|
0 |
|a Economic development.
|
| 650 |
|
0 |
|a Marxian economics.
|
| 650 |
|
0 |
|a Peasants.
|
| 650 |
|
0 |
|a Proletariat.
|
| 700 |
1 |
|
|a Redclift, M. R.
|
| 999 |
|
|
|a MARS
|
| 999 |
f |
f |
|s bd703d04-7a8c-373e-907e-4cc798b85dc0
|i 91e71942-d0a5-3bea-adac-12590ccfe037
|t 0
|
| 952 |
f |
f |
|p ric
|a Texas A&M University
|b Rellis Campus
|c Joint Library Facility
|d Remote Storage
|t 0
|e HD1436 .G66 1981a
|h Library of Congress classification
|i unmediated -- volume
|m A14806126194
|
| 998 |
f |
f |
|a HD1436 .G66 1981a
|t 0
|l Remote Storage
|